Clipped Words Quiz Stats

 Plays Quiz Updated May 27, 2015

Also try: What's Left?
Challenge
Share
Tweet
Embed
Score 0/24 Timer 04:00
4 Plays Today
Clipped Word Original Word % Correct
brobrother
98.8%
ad (marketing)advertisement
96.4%
cigcigarette
95.4%
copterhelicopter
95.3%
gas (fuel)gasoline
93.2%
mathmathematics
93%
lab (dog)Labrador retriever
91.7%
sci-fiscience fiction
91.6%
dormdormitory
88.7%
vet (military)veteran
85.9%
ref (library)reference
85.5%
hippohippopotamus
85.4%
Clipped Word Original Word % Correct
con (prison)convict
83.4%
script (medicine)prescription
75.7%
buttbuttocks
67.6%
lunchluncheon
67.5%
pantspantaloons
60.3%
spec (detail)specification
58%
groombridegroom
55.5%
still (alcohol)distillery
52.6%
pub (bar)public house
43.2%
pianopianoforte
34.8%
van (vehicle)caravan
22.4%
perk (benefit)perquisite
12.5%

You're not logged in!

Compare scores with friends on all Sporcle quizzes.
Join for Free
OR
Log In

You Might Also Like...

Show Comments

Extras

Top Quizzes Today


Score Distribution

Your Account Isn't Verified!

In order to create a playlist on Sporcle, you need to verify the email address you used during registration. Go to your Sporcle Settings to finish the process.

Report this User

Report this user for behavior that violates our Community Guidelines.

Details: